000 00379nam a2200133Ia 4500
005 20260328104245.0
008 260328s9999||||xx |||||||||||||| ||und||
100 _aHolmet, Marcel F.
245 0 _aChan Chan :
_bla Misteriosa una prodigiosa Civilizacion preincaica desconocida /
_cMarcel F. Holmet
260 _bNueva Fontana
300 _a213 p.
650 _aPERÚ
942 _cBK
999 _c10039
_d10039